000 00227nmm a2200085Ia 4500
008 220120s9999||||xx |||||||||||||||||und||
100 _aEFY
245 0 _aCircuits EFY Magazine , e-books, Utilities , design simulat
260 _c2006
999 _c138516
_d138516